| 000 | 00000nam##2200000za#4500 |
| 001 | 9.643137 |
| 003 | CaOODSP |
| 005 | 20210624224029 |
| 007 | cr ||||||||||| |
| 008 | 150407|2008||||xxc|||||o f|0| 0 fre|d |
| 040 | |aCaOODSP|bfre |
| 043 | |an-cn--- |
| 086 | 1 |aCH4-163/2008F-PDF |
| 110 | 1 |aCanada. |bPatrimoine canadien. |
| 245 | 10|aProfile des industries culturelles - Chili / |h[ressource électronique]|cpréparé pour le ministère du Patrimoine canadien par l'intermédiaire de l'Ambassade du Canada, Santiago, Chili, Margot Edwards, Déléguée commerciale; par Rafael Otano et Patricia Hidalgo. |
| 260 | |aOttawa - Ontario : |bPatrimoine canadien |c[2008]. |
| 300 | |a57p. |
| 590 | |a14-07-Supp|b2014-04-03 |
| 691 | 07|aCommerce extérieur|2gcpds |
| 691 | 07|aIndustrie culturelle|2gcpds |
| 775 | 08|tCultural industries profile - Chile / |w(CaOODSP)9.699142 |
| 856 | 40|ahttp://publications.gc.ca|qPDF|s470 Ko|uhttps://publications.gc.ca/collections/collection_2014/pc-ch/CH4-163-2008-fra.pdf |